00681nam a2200193Ia 4500008004100000020001600041050001500057100001700072245013100089260003900220300004500259500003600304650003700340650003800377650001400415650001400429650002200443650002200465160114s9999 xx 000 0 und d a0-439545234 b.B236 2003 aAber, Linda. aBarbie of Swan Lake : ba junior novelization /cadapted by Linda Aber ; based on the screenplay by Cliff Ruby & Elana Lesser. aNew York :bScholastic, Inc.c2003 a60 pages;bcolor illustrations :c20 cm. a Based on Tchaikovsky's ballet. aBarbie (Fictitious character) -- aBarbie (Fictitious character) --  aSwans --  x Fiction. xJuvenile fiction. xJuvenile fiction.